| 000 | 00999nam a22003017a 4500 | ||
|---|---|---|---|
| 001 | 6263 | ||
| 003 | FISKH | ||
| 005 | 20250407141005.0 | ||
| 008 | 250407b cb ||||| |||| 00| 0 eng d | ||
| 020 | _a9780439263238 | ||
| 040 |
_aFISKH _beng _cFISKH _dFISKH |
||
| 050 | _aE185.T8 R66 | ||
| 082 | _a305.567092 | ||
| 100 |
_aRoop, Peter _d(1951-) |
||
| 245 |
_aSojourner truth / _cPeter Roop and Connie Roop |
||
| 250 | _aThis edition first published in 2002 | ||
| 260 |
_aNew York : _bScholastic, _c2002 |
||
| 300 |
_a126 pages : _billustrations ; _c20 cm |
||
| 505 | _aR | ||
| 520 | _aDescribes the life and achievements of nineteenth-century African-American activist Sojourner Truth through her own recollections and the writings of individuals she knew. | ||
| 521 | 8 |
_a770
_bLexile |
|
| 521 | 8 |
_aR
_bRaz-Plus |
|
| 650 |
_2African American _aWomen--Biography |
||
| 650 |
_2Sojourner _aBiography |
||
| 700 |
_aRoop, Connie _dillustrator |
||
| 942 |
_2ddc _cBK _n0 |
||
| 999 |
_c6263 _d6263 |
||